000 00288nam a22001337a 4500
008 170831b xxu||||| |||| 00| 0 eng d
020 _a9781598712728
041 _aeng
080 _a070
100 _a40
101 _aMED
245 _a THE SPEAKER
_cVALENZANO.J.M
942 _2udc
_cBK
999 _c25711
_d25711